Loading...
| History - World | 0 | 8 | 0 | 1 | 80 | 46 | 66.25 | 2 | 5 | 0.00 | 0.00 |
| Mythology | 0 | 8 | 1 | 0 | 75 | 18 | 70.63 | 0 | 5 | 0.00 | 0.00 |
| History - Other | 0 | 6 | 0 | 1 | 60 | 37 | 79.50 | 1 | 4 | 0.00 | 0.00 |
| Religion | 0 | 6 | 0 | 1 | 60 | 54 | 95.17 | 0 | 3 | 0.00 | 0.00 |
| Literature - World | 0 | 6 | 1 | 0 | 55 | 77 | 88.17 | 0 | 4 | 0.00 | 0.00 |
| Fine Arts - Classical Music | 0 | 5 | 0 | 3 | 50 | 94 | 104.20 | 0 | 0 | 0.00 | 0.00 |
| Science - Physics | 0 | 5 | 0 | 2 | 50 | 67 | 95.40 | 0 | 0 | 0.00 | 0.00 |
| Science - Chemistry | 0 | 5 | 1 | 1 | 45 | 75 | 98.40 | 0 | 0 | 0.00 | 0.00 |
| Science - Biology | 0 | 4 | 0 | 2 | 40 | 100 | 109.50 | 0 | 0 | 0.00 | 0.00 |
| Fine Arts - Painting and Sculpture | 0 | 4 | 0 | 0 | 40 | 74 | 93.00 | 0 | 1 | 0.00 | 0.00 |
| Social Science | 0 | 4 | 0 | 2 | 40 | 49 | 81.75 | 1 | 2 | 0.00 | 0.00 |
| Fine Arts - Other | 0 | 3 | 0 | 0 | 30 | 96 | 112.67 | 1 | 1 | 0.00 | 0.00 |
| Literature - American | 0 | 3 | 0 | 0 | 30 | 102 | 112.67 | 0 | 1 | 0.00 | 0.00 |
| Literature - European | 0 | 4 | 2 | 0 | 30 | 60 | 80.00 | 0 | 3 | 0.00 | 0.00 |
| History - American | 0 | 3 | 0 | 0 | 30 | 78 | 89.33 | 1 | 3 | 0.00 | 0.00 |
| History - European | 0 | 2 | 0 | 0 | 20 | 50 | 62.50 | 0 | 2 | 0.00 | 0.00 |
| Literature - British | 0 | 2 | 0 | 1 | 20 | 128 | 135.00 | 0 | 0 | 0.00 | 0.00 |
| Science - Other | 0 | 3 | 2 | 1 | 20 | 91 | 109.00 | 0 | 0 | 0.00 | 0.00 |
| Philosophy | 0 | 1 | 0 | 1 | 10 | 115 | 115.00 | 0 | 0 | 0.00 | 0.00 |
| Other Academic | 0 | 1 | 0 | 0 | 10 | 69 | 69.00 | 0 | 1 | 0.00 | 0.00 |